Triumfatorzy konkursów PŚ - sezon 13/14 - Statystyki

Ogólne statystyki
  • Ten quiz został rozwiązany 85 razy
  • Średni wynik to 8 z 14
Statystyki odpowiedzi
Liczba wygranych Zawodnik % Poprawnych
6 Kamil Stoch
100%
3 Peter Prevc
88%
5 Severin Freund
83%
2 Gregor Schlierenzauer
71%
1 Noriaki Kasai
65%
1 Jan Ziobro
64%
1 Simon Ammann
64%
2 Anders Bardal
63%
1 Thomas Morgenstern
61%
1 Krzysztof Biegun
53%
2 Thomas Diethart
46%
1 Andreas Wellinger
39%
1 Jernej Damjan
28%
1 Anssi Koivuranta
25%
Nie znaleziono quizów pasujących do podanych kryteriów
Rozkład punktacji
Procent ludzi z każdym wynikiem
Percentyl według liczby udzielonych odpowiedzi
Twoja historia wyników
Nie rozwiązałeś tego quizu